[Event "Commonwealth-ch"]
[Site "New Delhi"]
[Date "2018.06.30"]
[Round "5"]
[White "Klevansky, Aron"]
[Black "Gajwa, Ankit"]
[Result "0-1"]
[WhiteElo "1889"]
[BlackElo "2238"]
[PlyCount "56"]
[EventDate "2018.06.26"]
[EventType "swiss"]
[EventRounds "9"]
[EventCountry "IND"]
[SourceTitle "CBM 185 Extra"]
[Source "ChessBase"]
[SourceDate "2018.07.29"]
[SourceVersion "1"]
[SourceVersionDate "2018.07.29"]
[SourceQuality "1"]

1. e4 e5 2. Nf3 Nc6 3. Bb5 a6 4. Ba4 Nf6 5. Qe2 Be7 6. 0-0 b5 7. Bb3 0-0 8. c3 d5 9. d4 exd4 10. e5 Ne4 11. cxd4 Bg4 12. Be3 Na5 13. Bc2 f5 14. Qe1 Nc6 15. Nfd2 f4 16. Nxe4 dxe4 17. Bxe4 fxe3 18. Qxe3 Nxd4 19. Bxa8 Bc5 20. Qe4 Be6 21. Bb7 c6 22. Bxc6 Nxc6 23. Qxc6 Bxf2+ 24. Kh1 Bd5 25. Qc3 Bxg2+ 26. Kxg2 Qd5+ 27. Kh3 Rf3+ 28. Kg4 Qe4+ 0-1

[Event "Johannesburg Gauteng op"]
[Site "Johannesburg"]
[Date "2017.05.06"]
[Round "5"]
[White "Marx, Inge"]
[Black "Klevansky, Aron"]
[Result "0-1"]
[WhiteElo "1668"]
[BlackElo "1735"]
[PlyCount "156"]
[EventDate "2017.05.03"]
[EventType "swiss"]
[EventRounds "7"]
[EventCountry "RSA"]
[SourceTitle "CBM 178 Extra"]
[Source "ChessBase"]
[SourceDate "2017.06.22"]
[SourceVersion "1"]
[SourceVersionDate "2017.06.22"]
[SourceQuality "1"]

1. e4 d5 2. exd5 Nf6 3. Bb5+ Nbd7 4. d4 a6 5. Be2 Nxd5 6. c4 N5f6 7. Nf3 g6 8. 0-0 Bg7 9. Nc3 0-0 10. b4 c6 11. a4 Qc7 12. Qb3 e5 13. Bb2 exd4 14. Nxd4 c5 15. Nc2 cxb4 16. Nxb4 Nc5 17. Qa3 Be6 18. Nbd5 Nxd5 19. cxd5 Bf5 20. Rac1 Qd6 21. Bf3 Rfd8 22. Rfd1 Be5 23. g3 Nd3 24. Qxd6 Bxd6 25. Rb1 Bc5 26. Ne4 Bxe4 27. Bxe4 Nxf2 28. Bd4 Nxe4 29. Bxc5 Nxc5 30. a5 Rd7 31. Rb6 Rad8 32. d6 Na4 33. Rb4 Nc3 34. Rd3 Nb5 35. Re4 Rxd6 36. Rxd6 Nxd6 37. Rd4 Kf8 38. Rd3 Ke7 39. Re3+ Kd7 40. Rd3 Rc8 41. Rd5 Rc2 42. Re5 Kc6 43. Re1 Rc5 44. Ra1 Nc4 45. Rf1 Ne5 46. Rf6+ Kc7 47. Rf2 Rxa5 48. Rc2+ Kb8 49. Kg2 Rd5 50. Ra2 Ka7 51. Rc2 b5 52. Rc7+ Kb6 53. Rc8 a5 54. Rb8+ Kc5 55. Rc8+ Kb4 56. Rc2 a4 57. Rb2+ Ka3 58. Re2 b4 59. Re3+ b3 60. Kg1 Ka2 61. Kg2 b2 62. Re2 Ka1 63. Re4 Rd2+ 64. Kh3 b1Q 65. Rxa4+ Ra2 66. Rxa2+ Qxa2 67. Kh4 Qxh2+ 68. Kg5 Qxg3+ 69. Kf6 Ng4+ 70. Kg7 f5 71. Kf7 Kb2 72. Ke7 Kc3 73. Ke6 Kd4 74. Kf7 Ke5 75. Ke7 Qa3+ 76. Kd7 Qc5 77. Kd8 Ke6 78. Ke8 Qe7# 0-1

[Event "Johannesburg PSS Capablanca-B"]
[Site "Johannesburg"]
[Date "2017.04.26"]
[Round "1"]
[White "Pitso, Fusi Paulus"]
[Black "Klevansky, Aron"]
[Result "0-1"]
[WhiteElo "1944"]
[BlackElo "1814"]
[PlyCount "58"]
[EventDate "2017.04.26"]
[EventType "tourn"]
[EventRounds "9"]
[EventCountry "RSA"]
[SourceTitle "CBM 178 Extra"]
[Source "ChessBase"]
[SourceDate "2017.06.22"]
[SourceVersion "1"]
[SourceVersionDate "2017.06.22"]
[SourceQuality "1"]

1. e4 e5 2. Nf3 Nc6 3. Bc4 Nf6 4. 0-0 Be7 5. d4 d6 6. d5 Nb8 7. Bd3 0-0 8. h3 Nxe4 9. Bxe4 f5 10. Bd3 e4 11. Nd4 exd3 12. Qxd3 Na6 13. Nb3 f4 14. f3 Bh4 15. N1d2 Rf6 16. Ne4 Rg6 17. Kh1 Nb4 18. Qc4 Bxh3 19. Rg1 Qd7 20. Nd4 Bf5 21. Bxf4 Bxe4 22. fxe4 Qg4 23. Bh2 Bg3 24. Nf5 Bxh2 25. Ne7+ Kh8 26. Nxg6+ hxg6 27. Qxb4 Bg3 28. Rgd1 Qh4+ 29. Kg1 Rf8 0-1

[Event "RSA-ch U18"]
[Site "Gauteng"]
[Date "2017.04.09"]
[Round "8"]
[White "Masiya, Mfundo"]
[Black "Klevansky, Aron"]
[Result "0-1"]
[WhiteElo "1462"]
[BlackElo "1814"]
[PlyCount "41"]
[EventDate "2017.04.05"]
[EventType "swiss"]
[EventRounds "11"]
[EventCountry "RSA"]
[SourceTitle "CBM 177 Extra"]
[Source "ChessBase"]
[SourceDate "2017.04.27"]
[SourceVersion "1"]
[SourceVersionDate "2017.04.27"]
[SourceQuality "1"]

1. e4 e5 2. Nf3 Nc6 3. d4 exd4 4. Bc4 Nf6 5. e5 d5 6. Bb5 Ne4 7. Nxd4 Bc5 8. Be3 0-0 9. Bxc6 bxc6 10. 0-0 Bd7 11. f3 Ng5 12. f4 Ne4 13. f5 Re8 14. f6 g6 15. Bf4 g5 16. Kh1 Bxd4 17. Qxd4 gxf4 18. Rxf4 Kh8 19. Nc3 Nxc3 20. Qxc3 Rg8 21. Qf3 0-1

[Event "RSA-ch U18"]
[Site "Gauteng"]
[Date "2017.04.08"]
[Round "6"]
[White "Prinsloo, Marthinus Philippus"]
[Black "Klevansky, Aron"]
[Result "0-1"]
[WhiteElo "1510"]
[BlackElo "1814"]
[PlyCount "56"]
[EventDate "2017.04.05"]
[EventType "swiss"]
[EventRounds "11"]
[EventCountry "RSA"]
[SourceTitle "CBM 177 Extra"]
[Source "ChessBase"]
[SourceDate "2017.04.27"]
[SourceVersion "1"]
[SourceVersionDate "2017.04.27"]
[SourceQuality "1"]

1. d4 Nf6 2. c4 g6 3. Nc3 Bg7 4. e4 d6 5. Nf3 0-0 6. Be2 e5 7. 0-0 Nc6 8. d5 Ne7 9. b4 Nh5 10. g3 f5 11. Ng5 Nf6 12. f3 c6 13. b5 h6 14. Ne6 Bxe6 15. dxe6 Kh8 16. Ba3 Ne8 17. Rb1 Rf6 18. bxc6 bxc6 19. Rb7 Rxe6 20. Qa4 Nf6 21. Rd1 Bf8 22. c5 d5 23. exd5 cxd5 24. Nxd5 Nexd5 25. Bc4 Qc8 26. Qb3 Bxc5+ 27. Bxc5 Qxc5+ 28. Kh1 Rd8 0-1

[Event "RSA-ch U18"]
[Site "Gauteng"]
[Date "2017.04.07"]
[Round "5"]
[White "Klevansky, Aron"]
[Black "Hansen, Marcques"]
[Result "1/2-1/2"]
[WhiteElo "1814"]
[BlackElo "1562"]
[PlyCount "73"]
[EventDate "2017.04.05"]
[EventType "swiss"]
[EventRounds "11"]
[EventCountry "RSA"]
[SourceTitle "CBM 177 Extra"]
[Source "ChessBase"]
[SourceDate "2017.04.27"]
[SourceVersion "1"]
[SourceVersionDate "2017.04.27"]
[SourceQuality "1"]

1. e4 c5 2. Nf3 Nc6 3. Bb5 Qc7 4. 0-0 Nf6 5. Re1 e5 6. c3 a6 7. Bxc6 bxc6 8. d4 cxd4 9. cxd4 d6 10. dxe5 dxe5 11. Qc2 Bg4 12. Nxe5 Bb4 13. Rf1 0-0 14. Nxg4 Nxg4 15. g3 Qe5 16. Nd2 Bxd2 17. Bxd2 Qh5 18. h4 Ne5 19. Qd1 Qf3 20. Qc1 Qe2 21. Qc3 Qxe4 22. f3 Qd5 23. Rad1 Ng6 24. Bh6 Qe5 25. Qxe5 Nxe5 26. Bf4 Ng6 27. Bd6 Rfd8 28. Bc7 Rdc8 29. Ba5 Rab8 30. Bc3 Ne7 31. Rd7 Nd5 32. Re1 Rd8 33. Rxd8+ Rxd8 34. Kf2 f6 35. Bd4 Kf7 36. Bc5 Rb8 37. Re2 1/2-1/2

[Event "RSA-ch U18"]
[Site "Gauteng"]
[Date "2017.04.07"]
[Round "4"]
[White "Marais, Franco"]
[Black "Klevansky, Aron"]
[Result "1-0"]
[WhiteElo "1804"]
[BlackElo "1814"]
[PlyCount "68"]
[EventDate "2017.04.05"]
[EventType "swiss"]
[EventRounds "11"]
[EventCountry "RSA"]
[SourceTitle "CBM 177 Extra"]
[Source "ChessBase"]
[SourceDate "2017.04.27"]
[SourceVersion "1"]
[SourceVersionDate "2017.04.27"]
[SourceQuality "1"]

1. d4 Nf6 2. c4 g6 3. Nc3 Bg7 4. Bg5 0-0 5. Nf3 c5 6. d5 h6 7. Bh4 d6 8. e3 g5 9. Bg3 Nh5 10. Qc2 Nd7 11. Be2 Nxg3 12. hxg3 Nf6 13. 0-0 e6 14. Rad1 exd5 15. cxd5 a6 16. a4 Rb8 17. Nd2 b5 18. axb5 axb5 19. Bxb5 Nxd5 20. Nxd5 Rxb5 21. Nc4 Ba6 22. Ra1 Bb7 23. Rfd1 Bxd5 24. Rxd5 Qb8 25. Rad1 Rd8 26. Rxd6 Rxd6 27. Rxd6 Rxb2 28. Qd3 Bf8 29. Rd8 Rb3 30. Qd7 Qb5 31. Qd6 Rb1+ 32. Kh2 Kh7 33. Rxf8 Qxc4 34. Qf6 Qg4 1-0

[Event "RSA-ch U18"]
[Site "Gauteng"]
[Date "2017.04.06"]
[Round "2"]
[White "Kubheka, Lucky"]
[Black "Klevansky, Aron"]
[Result "0-1"]
[WhiteElo "1387"]
[BlackElo "1814"]
[PlyCount "90"]
[EventDate "2017.04.05"]
[EventType "swiss"]
[EventRounds "11"]
[EventCountry "RSA"]
[SourceTitle "CBM 177 Extra"]
[Source "ChessBase"]
[SourceDate "2017.04.27"]
[SourceVersion "1"]
[SourceVersionDate "2017.04.27"]
[SourceQuality "1"]

1. e4 d5 2. exd5 Nf6 3. Nc3 Nxd5 4. Nxd5 Qxd5 5. d4 g6 6. Be2 Bg7 7. Nf3 0-0 8. 0-0 c5 9. c3 Nc6 10. dxc5 Qxc5 11. Be3 Qa5 12. Qb3 e5 13. Rfd1 Qc7 14. Ng5 b6 15. Rd2 h6 16. Nf3 Be6 17. Qa4 Na5 18. Qh4 Nc4 19. Bxc4 Qxc4 20. Qxc4 Bxc4 21. b3 Be6 22. h3 Rac8 23. c4 f5 24. Rd6 Kf7 25. Re1 Rfd8 26. Rdd1 Re8 27. g3 Rc7 28. Bc1 Bc8 29. h4 Bb7 30. Nh2 Rh8 31. g4 Bf6 32. g5 hxg5 33. hxg5 Bg7 34. f3 e4 35. f4 Bf8 36. Be3 Bc5 37. Kg2 Bxe3 38. Rxe3 b5 39. Rc1 bxc4 40. bxc4 Rd7 41. Rc2 Rd3 42. Nf1 Ke6 43. Kg3 Rh1 44. Kg2 Rxf1 45. Kxf1 Rxe3 0-1

[Event "Waterkloof op"]
[Site "Pretoria"]
[Date "2017.03.04"]
[Round "3"]
[White "Masiya, Mfundo"]
[Black "Klevansky, Aron"]
[Result "0-1"]
[WhiteElo "1364"]
[BlackElo "1816"]
[PlyCount "88"]
[EventDate "2017.03.02"]
[EventType "swiss"]
[EventRounds "6"]
[EventCountry "RSA"]
[SourceTitle "EXT 2018"]
[Source "ChessBase"]
[SourceDate "2017.10.13"]
[SourceVersion "1"]
[SourceVersionDate "2017.10.13"]
[SourceQuality "1"]

1. e4 d5 2. exd5 Nf6 3. d4 Bg4 4. Nf3 Qxd5 5. Be2 e6 6. Be3 Nc6 7. Nbd2 0-0-0 8. 0-0 h6 9. c4 Qf5 10. a3 g5 11. b4 Bxf3 12. Nxf3 g4 13. Nh4 Qh5 14. g3 a6 15. b5 axb5 16. cxb5 Nb8 17. Ng2 Bd6 18. Nf4 Bxf4 19. Bxf4 Rhg8 20. b6 cxb6 21. Rc1+ Nc6 22. Qa4 Kd7 23. Bb5 Ke7 24. Bxc6 bxc6 25. Qb4+ Ke8 26. Qxb6 Qb5 27. Qxc6+ Qxc6 28. Rxc6 h5 29. Rfc1 Nd5 30. Bd6 Kd7 31. Bb4 Nxb4 32. axb4 Ke7 33. R6c4 Rd5 34. Kf1 Rgd8 35. Rb1 Rxd4 36. Rxd4 Rxd4 37. b5 Kd7 38. b6 Kc8 39. b7+ Kb8 40. Ke2 Rd7 41. Ke3 Rxb7 42. Rc1 Rc7 43. Rd1 Kc8 44. Kf4 Rc5 0-1

[Event "Africa-ch U16"]
[Site "Port Elizabeth"]
[Date "2016.08.27"]
[Round "8"]
[White "Fakude, Hopewell Mongezi"]
[Black "Klevansky, Aron"]
[Result "1-0"]
[WhiteElo "1866"]
[BlackElo "1747"]
[PlyCount "65"]
[EventDate "2016.08.22"]
[EventType "swiss"]
[EventRounds "9"]
[EventCountry "RSA"]
[SourceTitle "CBM 174 Extra"]
[Source "ChessBase"]
[SourceDate "2016.10.10"]
[SourceVersion "1"]
[SourceVersionDate "2016.10.10"]
[SourceQuality "1"]

1. d4 Nf6 2. c4 g6 3. Nc3 d5 4. Nf3 Bg7 5. Bf4 0-0 6. e3 c5 7. dxc5 Qa5 8. Be5 dxc4 9. Bxc4 Qxc5 10. Qe2 Nc6 11. Bg3 e5 12. 0-0 e4 13. Nd2 Bg4 14. f3 exf3 15. gxf3 Bh3 16. Rfe1 Nh5 17. Nde4 Nxg3 18. hxg3 Qa5 19. Rad1 Rad8 20. g4 h5 21. Nf2 hxg4 22. fxg4 Rxd1 23. Rxd1 Qc7 24. Nxh3 Qg3+ 25. Qg2 Qxe3+ 26. Nf2 Bxc3 27. bxc3 Ne5 28. Bd5 Rd8 29. c4 Kg7 30. Qe4 Qxe4 31. Bxe4 Rxd1+ 32. Nxd1 Nxc4 33. Bxb7 1-0

[Event "Africa-ch U16"]
[Site "Port Elizabeth"]
[Date "2016.08.26"]
[Round "6"]
[White "Wagner, Gerald"]
[Black "Klevansky, Aron"]
[Result "0-1"]
[WhiteElo "1584"]
[BlackElo "1747"]
[PlyCount "72"]
[EventDate "2016.08.22"]
[EventType "swiss"]
[EventRounds "9"]
[EventCountry "RSA"]
[SourceTitle "CBM 174 Extra"]
[Source "ChessBase"]
[SourceDate "2016.10.10"]
[SourceVersion "1"]
[SourceVersionDate "2016.10.10"]
[SourceQuality "1"]

1. e4 d5 2. exd5 Nf6 3. Nc3 Nxd5 4. Bc4 Nxc3 5. Qf3 e6 6. dxc3 Nc6 7. Bf4 Bd6 8. Rd1 0-0 9. Nh3 Qe7 10. 0-0 Ne5 11. Bxe5 Bxe5 12. Rfe1 Bf6 13. Nf4 c6 14. Nd3 Qc7 15. Qe4 g6 16. h4 Rd8 17. h5 b6 18. hxg6 hxg6 19. Re3 Bb7 20. Rg3 c5 21. Qg4 Bd5 22. Bxd5 Rxd5 23. Qf3 Qd8 24. c4 Rd7 25. b3 Rc8 26. Qe2 Qc7 27. Rf3 Kg7 28. Ne1 Rh8 29. g3 Rxd1 30. Qxd1 e5 31. Qe2 Qc8 32. Qf1 Qg4 33. Qg2 Bg5 34. Rd3 e4 35. Rd6 Qe2 36. Qf1 Rh1+ 0-1

[Event "RSA-ch U16"]
[Site "Bloemfontein"]
[Date "2016.03.26"]
[Round "11"]
[White "Klevansky, Aron"]
[Black "Van der Lingen, Cornelis Petrus"]
[Result "0-1"]
[WhiteElo "1755"]
[BlackElo "1670"]
[PlyCount "61"]
[EventDate "2016.03.20"]
[EventType "swiss"]
[EventRounds "11"]
[EventCountry "RSA"]
[SourceTitle "CBM 171 Extra"]
[Source "ChessBase"]
[SourceDate "2016.04.26"]
[SourceVersion "1"]
[SourceVersionDate "2016.04.26"]
[SourceQuality "1"]

1. e4 e5 2. Nf3 Nc6 3. Bb5 a6 4. Ba4 Nf6 5. d3 b5 6. Bb3 Be7 7. 0-0 d6 8. a4 Bg4 9. c3 0-0 10. Re1 h6 11. Nbd2 Qb8 12. h3 Be6 13. Bc2 b4 14. a5 bxc3 15. bxc3 Qb5 16. Nf1 Nxa5 17. Be3 c5 18. Qd2 Qb6 19. Ng3 Qc7 20. Rab1 Nc6 21. d4 cxd4 22. cxd4 exd4 23. Nxd4 Nxd4 24. Bxd4 Nd7 25. Nh5 f6 26. Nf4 Bf7 27. Nd5 Bxd5 28. exd5 Bd8 29. Rbd1 Qa5 30. Qd3 f5 31. Bc3 0-1

[Event "RSA-ch U16"]
[Site "Bloemfontein"]
[Date "2016.03.24"]
[Round "8"]
[White "Mazibuko, Khanya"]
[Black "Klevansky, Aron"]
[Result "1-0"]
[WhiteElo "1534"]
[BlackElo "1755"]
[PlyCount "27"]
[EventDate "2016.03.20"]
[EventType "swiss"]
[EventRounds "11"]
[EventCountry "RSA"]
[SourceTitle "CBM 171 Extra"]
[Source "ChessBase"]
[SourceDate "2016.04.26"]
[SourceVersion "1"]
[SourceVersionDate "2016.04.26"]
[SourceQuality "1"]

1. e4 c5 2. Nc3 a6 3. f4 b5 4. g3 Bb7 5. Bg2 e6 6. d3 d5 7. Qe2 Qc7 8. Nf3 Nf6 9. e5 Nfd7 10. Bd2 Nc6 11. f5 Nd4 12. Nxd4 cxd4 13. fxe6 fxe6 14. Nd1 1-0

[Event "RSA-ch U16"]
[Site "Bloemfontein"]
[Date "2016.03.23"]
[Round "6"]
[White "De Jager, Luan"]
[Black "Klevansky, Aron"]
[Result "1/2-1/2"]
[WhiteElo "1777"]
[BlackElo "1755"]
[PlyCount "64"]
[EventDate "2016.03.20"]
[EventType "swiss"]
[EventRounds "11"]
[EventCountry "RSA"]
[SourceTitle "CBM 171 Extra"]
[Source "ChessBase"]
[SourceDate "2016.04.26"]
[SourceVersion "1"]
[SourceVersionDate "2016.04.26"]
[SourceQuality "1"]

1. e4 d5 2. exd5 Qxd5 3. Nc3 Qd6 4. d4 Nf6 5. Nf3 c6 6. Ne5 Nbd7 7. Nc4 Qc7 8. Qf3 Nb6 9. Bf4 Qd7 10. 0-0-0 Qg4 11. Qxg4 Bxg4 12. f3 Be6 13. Nxb6 axb6 14. a3 g6 15. Be5 Bg7 16. d5 Bd7 17. Bc4 Bc8 18. Bc7 Nd7 19. Ne4 0-0 20. Rhf1 b5 21. dxc6 bxc6 22. Bb3 Ra7 23. Bf4 c5 24. c3 c4 25. Bc2 h6 26. Be3 Rc7 27. Rd5 f5 28. Nd2 Ba6 29. f4 Rb8 30. Nf3 Kf7 31. Rfd1 Bc8 32. Bd4 e6 1/2-1/2

[Event "RSA-ch U16"]
[Site "Waterkloof"]
[Date "2015.04.07"]
[Round "5"]
[White "Klevansky, Aron"]
[Black "Modi, Sachin"]
[Result "1-0"]
[WhiteElo "1832"]
[BlackElo "1759"]
[PlyCount "115"]
[EventDate "2015.04.04"]
[EventType "swiss"]
[EventRounds "9"]
[EventCountry "RSA"]
[SourceTitle "CBM 166 Extra"]
[Source "ChessBase"]
[SourceDate "2015.06.18"]
[SourceVersion "1"]
[SourceVersionDate "2015.06.18"]
[SourceQuality "1"]

1. e4 c5 2. Nf3 Nc6 3. Bb5 d6 4. Bxc6+ bxc6 5. 0-0 Bg4 6. h3 Bh5 7. e5 d5 8. g4 Bg6 9. e6 Nf6 10. d3 Qd6 11. Re1 fxe6 12. Ne5 Nd7 13. Bf4 Nxe5 14. Bxe5 Qd8 15. Qe2 h5 16. Nd2 d4 17. Bh2 Bf7 18. g5 Qd5 19. Nf3 g6 20. Be5 Rg8 21. c4 Qd7 22. Nd2 Qb7 23. b3 Rd8 24. Qe4 Qd7 25. Qf4 a6 26. Ne4 Qa7 27. Qc1 Bg7 28. Bxg7 Rxg7 29. Qa3 Qd7 30. Qxc5 Ra8 31. Kg2 Rg8 32. Re2 Rf8 33. Qe5 Rg8 34. Rae1 Rd8 35. Nc5 Qd6 36. Nxa6 Rd7 37. Nc5 Qxe5 38. Rxe5 Rd6 39. a4 Rg7 40. a5 Rd8 41. Nxe6 Bxe6 42. Rxe6 Kd7 43. R6e4 c5 44. Re6 Ra8 45. a6 Rgg8 46. Rxe7+ Kd8 47. a7 Kc8 48. Re8+ Kd7 49. Rxa8 Rxa8 50. Ra1 Ke6 51. f4 Kd6 52. Kf3 Kc7 53. Ke4 Kc6 54. Ke5 Kb7 55. Kf6 Rf8+ 56. Kg7 Ra8 57. Kxg6 h4 58. Kf7 1-0